Costituzioni dell'Istituto secolare dei Missionari della Regalità di Cristo. (Record n. 32162)

Dettagli MARC
000 -LEADER
fixed length control field 00701nam a2200205 i 4500
003 - CONTROL NUMBER IDENTIFIER
control field IT-RoINE
005 - DATE AND TIME OF LATEST TRANSACTION
control field 20191004085755.0
008 - FIXED-LENGTH DATA ELEMENTS--GENERAL INFORMATION
fixed length control field 191004s1998 it |||||r|||| 00| | ita d
110 2# - MAIN ENTRY--CORPORATE NAME
Corporate name or jurisdiction name as entry element Missionari della regalità di Cristo (Milán, Italia)
9 (RLIN) 63088
245 10 - TITLE STATEMENT
Title Costituzioni dell'Istituto secolare dei Missionari della Regalità di Cristo.
260 ## - PUBLICATION, DISTRIBUTION, ETC. (IMPRINT)
Place of publication, distribution, etc [Milano :
Name of publisher, distributor, etc s.n.,
Date of publication, distribution, etc 1998]
300 ## - PHYSICAL DESCRIPTION
Extent XV, 33 p. ;
Dimensions 15 cm.
336 ## - CONTENT TYPE
Source rdacontent
Content type term text
337 ## - MEDIA TYPE
Source rdamedia
Media type term unmediated
338 ## - CARRIER TYPE
Source rdacarrier
Carrier type term volume
500 ## - GENERAL NOTE
General note Pro manuscripto.
610 24 - SUBJECT ADDED ENTRY--CORPORATE NAME
Corporate name or jurisdiction name as entry element Missionari della regalità di Cristo (Milán, Italia)
General subdivision Reglas
9 (RLIN) 63089
650 #4 - SUBJECT ADDED ENTRY--TOPICAL TERM
9 (RLIN) 63081
Topical term or geographic name as entry element Institutos seculares
General subdivision Reglas
942 ## - ADDED ENTRY ELEMENTS (KOHA)
Item type Monografías
Dati di copia
Withdrawn status Lost status Damaged status Not for loan Home library Current library Date acquired Total Checkouts Full call number Barcode Date last seen Price effective from Koha item type
        Iglesia Nacional Española en Roma Iglesia Nacional Española en Roma 04/10/2019   FUE.HIS.ECL 74 58862 04/10/2019 04/10/2019 Monografías